000 00842nam a22002297a 4500
003 BJBSDDR
005 20251127101242.0
007 ta
008 251127s2025 ||||| |||| 00| 0 eng d
020 _a9781667209722
020 _a 1667209728
040 _bspa
_cBJBSDDR
041 _aeng
050 _bD724c 2025
100 1 _aDostoyevsky, Fyodor,
_d1821-1881
_927019
245 1 0 _aCrime and punishment /
_cFyodor Dostoyevsky
260 _aCalifornia :
_bCanterbury Classics, an imprint of Printers Row Publishing Group,
_c2025
300 _a viii, 517 pages ;
_b 20 cm
520 _aWhat if man is not really a scoundrel, man in general. I mean, the whole race of mankind--then all the rest is prejudice, simply artificial terrors and there are no barriers and it's all as it should be.
942 _2lcc
_n0
_cBK
946 _icmc
999 _c125976
_d125976